000 00720nam a22002057a 4500
005 20251108165034.0
008 250721s1995 xx 000 0 ara d
082 1 4 _a363.7/نظا
100 1 _aعساف، نظام
245 1 0 _aالوضع البيئي و منظمات البيئة و حماية الطبيعة في الأردن :
_bقراءة أولية /
264 1 _aعمان :
_bمركز الأردن الجديد للدراسات،
_c1995.
300 _a66ص
490 0 _aالمجتمع المدني والحياة السياسة الأردنية ؛ 19
650 1 7 _aالبيئة
650 1 7 _aالتلوث
650 1 7 _aالمنظمات
650 1 7 _aالأردن
942 _2ddc
_cBK
999 _c20598
_d20598